[Event "Tournoi francophone 010 Groupe D"]
[Site "Skype"]
[Date "????.??.??"]
[Round "8.4"]
[White "Pilon, Sabrina"]
[Black "Dib, Catherine"]
[Result "1-0"]
[WhiteElo "1149"]
[BlackElo "1048"]
[PlyCount "41"]

1. e4 c5 2. Nf3 Nc6 3. d4 cxd4 4. Nxd4 g6 5. Be3 Bg7 6. Nc3 e5 7. Nb3 Nf6 8. f3
O-O 9. Qd2 d6 10. O-O-O Ne8 11. Bc4 a6 12. h4 h5 13. g4 hxg4 14. fxg4 Bxg4 15.
Rdf1 Nf6 16. Bh6 Rb8 17. Bxg7 Kxg7 18. Qg5 Bd7 19. h5 b5 20. hxg6 fxg6 21. Qh6#
1-0

[Event "Tournoi francophone 010 Groupe D"]
[Site "Skype"]
[Date "????.??.??"]
[Round "8.5"]
[White "Vervoort, Jean-Louis"]
[Black "Le Bouill, Pierre"]
[Result "1-0"]
[WhiteElo "1192"]
[BlackElo "1182"]
[PlyCount "49"]

1. d4 Nf6 2. c4 d5 3. Nc3 c6 4. Bg5 h6 5. Bxf6 exf6 6. Nf3 dxc4 7. e3 Bd6 8.
Bxc4 O-O 9. Qd3 b5 10. Bb3 Re8 11. O-O Bg4 12. e4 Na6 13. h3 Nb4 14. Qd1 Bxf3
15. Qxf3 Nc2 16. Bxc2 Bb4 17. a3 Ba5 18. b4 Bc7 19. Qd3 Qd6 20. g3 a6 21. Rfe1
Rad8 22. d5 Qd7 23. Kh2 Re7 24. e5 Bxe5 25. Qh7+ 1-0

[Event "Tournoi francophone 010 Groupe D"]
[Site "Skype"]
[Date "????.??.??"]
[Round "8.6"]
[White "Bacha, Mehdi"]
[Black "Schnell, Nicolas"]
[Result "0-1"]
[WhiteElo "1174"]
[BlackElo "1000"]
[PlyCount "20"]

1. g4 e5 2. Bg2 Nf6 3. h3 e4 4. e3 Nc6 5. c3 Ne5 6. g5 Nd3+ 7. Kf1 d5 8. gxf6
Qxf6 9. f3 Qh4 10. Na3 Qf2# 0-1

[Event "Tournoi francophone 010 Groupe D"]
[Site "Skype"]
[Date "????.??.??"]
[Round "8.8"]
[White "Gagnon, Sindy"]
[Black "Canova, Felix"]
[Result "1-0"]
[WhiteElo "1000"]
[BlackElo "1000"]
[PlyCount "81"]

1. e4 e5 2. Nc3 Bb4 3. Bc4 Nc6 4. Nf3 Nf6 5. O-O d6 6. Re1 Bg4 7. Be2 Nd4 8.
Nxd4 exd4 9. Nb5 c6 10. Nxd4 O-O 11. Bxg4 h5 12. Bf5 c5 13. Nf3 g6 14. Bh3 Rc8
15. d4 cxd4 16. c3 Bc5 17. cxd4 Bb6 18. Bxc8 Qxc8 19. e5 dxe5 20. dxe5 Nd7 21.
Bh6 Ba5 22. Re4 Nf6 23. exf6 b6 24. Qe2 Re8 25. Qe3 Kh7 26. Ne5 Rg8 27. Nxf7 g5
28. Nxg5+ Kg6 29. Re7 Kxh6 30. Ne6+ Kg6 31. f7 Rh8 32. Rd1 Bb4 33. Rxa7 Re8 34.
fxe8=B+ Qxe8 35. a3 Be7 36. b4 Kf7 37. Rd5 Qf8 38. Rxh5 Kf6 39. Nxf8 Bxf8 40.
a4 Bxb4 41. Qxb6+ 1-0

[Event "Tournoi francophone 010 Groupe D"]
[Site "Skype"]
[Date "????.??.??"]
[Round "9.1"]
[White "Scata, Laura"]
[Black "Vervoort, Jean-Louis"]
[Result "1-0"]
[WhiteElo "1320"]
[BlackElo "1192"]
[PlyCount "37"]

1. d4 d5 2. Bf4 Nf6 3. e3 Nc6 4. c3 Bg4 5. Nf3 e6 6. Bd3 Bd6 7. Bg3 O-O 8. Nbd2
Bxg3 9. hxg3 Qd6 10. Qc2 g6 11. Ng5 Bh5 12. Rh4 Ne7 13. e4 dxe4 14. Ndxe4 Nxe4
15. Nxe4 Qc6 16. Nf6+ Kg7 17. Nxh5+ gxh5 18. Be4 Ng6 19. Bxc6 1-0

[Event "Tournoi francophone 010 Groupe D"]
[Site "Skype"]
[Date "????.??.??"]
[Round "9.2"]
[White "Mimouni, Driss"]
[Black "Pilon, Sabrina"]
[Result "0-1"]
[WhiteElo "1139"]
[BlackElo "1149"]
[PlyCount "66"]

1. e4 c5 2. d3 d6 3. Nc3 Nf6 4. Bd2 g6 5. Be2 Bg7 6. Nf3 O-O 7. O-O Bd7 8. e5
dxe5 9. Nxe5 Be6 10. Bf3 Qb6 11. Nc4 Qa6 12. a4 Nc6 13. Nb5 Nd5 14. c3 Rac8 15.
Be3 Nxe3 16. Nxe3 Rfd8 17. Nc4 Bxc4 18. Be2 Ne5 19. Qb1 Nxd3 20. Bxd3 Bxd3 21.
Rd1 Bxb1 22. Rdxb1 Rd2 23. h3 c4 24. Nd4 Qb6 25. b4 Bxd4 26. cxd4 Qxd4 27. Rf1
c3 28. b5 c2 29. Rac1 Rd1 30. a5 Rxf1+ 31. Kxf1 Qd2 32. Re1 c1=Q 33. Rxc1 Rxc1#
0-1

[Event "Tournoi francophone 010 Groupe D"]
[Site "Skype"]
[Date "????.??.??"]
[Round "9.3"]
[White "Massez, Konrad"]
[Black "Hargez, Dany"]
[Result "1-0"]
[WhiteElo "1141"]
[BlackElo "1189"]
[PlyCount "119"]

1. e4 e5 2. d4 exd4 3. Qxd4 Nc6 4. Qa4 Nf6 5. Bg5 Be7 6. Nc3 O-O 7. O-O-O Ng4
8. Bxe7 Qxe7 9. Rd2 Nge5 10. f4 Ng6 11. g3 d6 12. Nf3 Bd7 13. Bb5 Qe8 14. Nd5
Qc8 15. h4 Nge7 16. Bxc6 Nxc6 17. h5 h6 18. Qb3 a5 19. Nd4 a4 20. Qd3 Re8 21.
Nxc6 Bxc6 22. g4 Bxd5 23. Qxd5 Qxg4 24. Qf5 Qxf5 25. exf5 Re4 26. Rf2 Ra5 27.
Rg1 Rxf5 28. Rfg2 g5 29. fxg5 hxg5 30. Rxg5+ Rxg5 31. Rxg5+ Kf8 32. Ra5 Re5 33.
Rxa4 Rxh5 34. Ra7 Rh1+ 35. Kd2 c5 36. Rxb7 Rh2+ 37. Kc3 Rh4 38. b3 Kg7 39. a4
Kf6 40. a5 Rh3+ 41. Kb2 Rh4 42. a6 Rb4 43. a7 Rxb7 44. a8=Q Re7 45. c3 Re2+ 46.
Ka3 d5 47. Qd8+ Kf5 48. Qxd5+ Re5 49. Qd6 Ke4 50. b4 Rd5 51. Qe7+ Re5 52. Qxf7
c4 53. Qxc4+ Kf5 54. b5 Kf6 55. b6 Ra5+ 56. Kb2 Ra8 57. b7 Re8 58. Qc7 Re7 59.
Qc8 Kf7 60. b8=Q 1-0

[Event "Tournoi francophone 010 Groupe D"]
[Site "Skype"]
[Date "????.??.??"]
[Round "9.4"]
[White "Le Bouill, Pierre"]
[Black "Porcabeuf, Jean-Marc"]
[Result "0-1"]
[WhiteElo "1182"]
[BlackElo "1129"]
[PlyCount "66"]

1. Nf3 c5 2. c4 Nc6 3. d4 cxd4 4. Nxd4 e6 5. b3 Bc5 6. Bb2 Qf6 7. e3 Nge7 8.
Na3 O-O 9. Rb1 Bb4+ 10. Ke2 e5 11. Nxc6 Qxc6 12. Nb5 d5 13. cxd5 Qxb5+ 14. Qd3
Bg4+ 15. f3 Qxd3+ 16. Kxd3 Bf5+ 17. Ke2 Bxb1 18. a3 Ba5 19. b4 Bb6 20. Kf2 Nxd5
21. Bc4 Nxe3 22. Be2 Ba2 23. Rc1 Nc4+ 24. Kg3 Nxb2 25. Rc2 Bd4 26. Bb5 Be6 27.
Rd2 g6 28. Bc6 f5 29. Bxb7 f4+ 30. Kh4 Rab8 31. Ba6 h6 32. Rc2 Rf5 33. Rc6 Rh5#
0-1

[Event "Tournoi francophone 010 Groupe D"]
[Site "Skype"]
[Date "????.??.??"]
[Round "9.5"]
[White "Schnell, Nicolas"]
[Black "Maccaferri, Massimo"]
[Result "1-0"]
[WhiteElo "1000"]
[BlackElo "1215"]
[PlyCount "23"]

1. e4 e5 2. Nc3 Nf6 3. Bc4 Bb4 4. Nge2 Bxc3 5. Nxc3 d6 6. Bb5+ c6 7. Bc4 d5 8.
Bb3 dxe4 9. d3 exd3 10. cxd3 Nd5 11. Qf3 Nxc3 12. Qxf7# 1-0

[Event "Tournoi francophone 010 Groupe D"]
[Site "Skype"]
[Date "????.??.??"]
[Round "9.6"]
[White "Bacha, Mehdi"]
[Black "Gagnon, Sindy"]
[Result "0-1"]
[WhiteElo "1174"]
[BlackElo "1000"]
[PlyCount "60"]

1. d4 Nf6 2. e3 d6 3. Bd3 e5 4. dxe5 dxe5 5. f4 exf4 6. exf4 Bd6 7. Nf3 Nbd7 8.
O-O O-O 9. Ng5 h6 10. Ne4 Nxe4 11. Bxe4 Nf6 12. Bd3 Nd5 13. c3 Qh4 14. Bc2 Re8
15. g3 Qh3 16. c4 Nf6 17. Qf3 Bg4 18. Qg2 Qh5 19. Nd2 Re2 20. Rf2 Re1+ 21. Nf1
Rae8 22. Bd3 Bc5 23. Rb1 Bxf2+ 24. Qxf2 R1e6 25. Bd2 Rd6 26. Bc2 a6 27. c5 Rc6
28. b4 b6 29. cxb6 cxb6 30. Qxb6 Rxb6 0-1

[Event "Tournoi francophone 010 Groupe D"]
[Site "Skype"]
[Date "????.??.??"]
[Round "9.7"]
[White "Morin, Claude"]
[Black "Lecluyse, Koenraad"]
[Result "0-1"]
[WhiteElo "1047"]
[BlackElo "1173"]
[PlyCount "50"]

1. e4 e6 2. d4 d5 3. Nd2 c5 4. Bb5+ Bd7 5. Bxd7+ Nxd7 6. Ngf3 cxd4 7. Nxd4 Bc5
8. Qg4 g6 9. N2b3 Ne5 10. Qe2 Rc8 11. Bf4 Qf6 12. Qb5+ Nc6 13. Nxc5 Qxf4 14.
Qxb7 Nge7 15. Ne2 Qf6 16. a3 O-O 17. Nd7 Qg7 18. Nxf8 Kxf8 19. O-O Nd4 20. Nxd4
Qxd4 21. Qb3 dxe4 22. c3 Qe5 23. a4 Rd8 24. Rad1 Rxd1 25. Qb8+ Qxb8 0-1

[Event "Tournoi francophone 010 Groupe D"]
[Site "Skype"]
[Date "????.??.??"]
[Round "9.8"]
[White "Canova, Felix"]
[Black "Dib, Catherine"]
[Result "0-1"]
[WhiteElo "1000"]
[BlackElo "1048"]
[PlyCount "38"]

1. e4 c5 2. c4 Nc6 3. Nc3 g6 4. Nf3 Bg7 5. e5 b6 6. Nd5 Bb7 7. Bd3 e6 8. b3
exd5 9. cxd5 Nxe5 10. Ba6 Bxa6 11. Ba3 Nxf3+ 12. gxf3 Bxa1 13. Qxa1 Nf6 14. Qd1
O-O 15. d6 Re8+ 16. Qe2 Rxe2+ 17. Kd1 Qe7 18. Rf1 Qxd6 19. Bb2 Qxd2# 0-1